Facilities management and the business of managing assets

Bibliographic Details
Main Author: Then, Danny shiem-Shin
Other Authors: Teng Hee, Tan
Format: Book
Language:English
Published: New York : Routledge , 2013
Subjects:

MARC

LEADER 00000cam a2200000 7i4500
001 0000025247
005 20150709.0
008 010414 xxua eng
020 |a 9780415274944 ,   |c RM207.70 
040 |a INS 
090 0 0 |a HF5547.2   |b T44 2013 
100 1 |a Then, Danny shiem-Shin 
245 1 0 |a Facilities management and the business of managing assets   |c Danny Then Shiem Shin and Tan Teng Hee 
260 |a New York :   |b Routledge ,   |c 2013 
300 |a xii,121p ;   |c 23cm. 
500 |a Bibliography : p. 116 
500 |a Included index 
650 0 |a Facility management 
650 0 |a Strategic planning 
700 1 |a Teng Hee, Tan 
999 |a 1000001460   |b BOOK   |c Open Shelf   |e Default branch 
999 |a 1000002215   |b BOOK   |c Open Shelf   |e Default branch